[Event "Sant Gregori Ajuntament op-A 1st"]
[Site "Sant Gregori"]
[Date "2016.07.??"]
[Round "4.9"]
[White "Gimenez Pau, Daniel"]
[Black "Vidal Palou, Jordi"]
[Result "1/2-1/2"]
[WhiteElo "1819"]
[BlackElo "1914"]
[PlyCount "123"]
[EventDate "2016.07.04"]
[EventType "tourn"]
[EventRounds "7"]
[EventCountry "ESP"]
[SourceTitle "EXT 2024"]
[Source "ChessBase"]
[SourceDate "2023.10.10"]
[SourceVersion "1"]
[SourceVersionDate "2023.10.10"]
[SourceQuality "1"]

1. d4 d5 2. c4 c6 3. Nc3 Bf5 4. Nf3 Nf6 5. Bg5 e6 6. Nh4 Be4 7. Nxe4 dxe4 8. a3 Qa5+ 9. Bd2 Qh5 10. g3 g5 11. Ng2 Bd6 12. Bb4 Bc7 13. e3 Qf3 14. Qe2 Nh5 15. 0-0-0 Nf6 16. Bc3 Qf5 17. d5 0-0 18. Bxf6 Qxf6 19. h4 cxd5 20. cxd5 exd5 21. hxg5 Qxg5 22. Rh5 Qf6 23. Rdxd5 Qc6+ 24. Kb1 f5 25. Qc4 Qxc4 26. Bxc4 Kg7 27. Rhxf5 Rxf5 28. Rxf5 Bb6 29. Rf7+ Kh6 30. Rxb7 Nc6 31. Bd5 Rc8 32. Bxe4 Na5 33. Rxh7+ Kg5 34. Nh4 Nb3 35. f4+ Kg4 36. Bf5+ Kxg3 37. Bxc8 Bxe3 38. f5 Nd2+ 39. Ka2 Bg5 40. Ng6 Ne4 41. Rxa7 Nd6 42. Be6 Ne8 43. Rf7 Nd6 44. Rf8 Bh6 45. Rd8 Ne4 46. Rd3+ Kf2 47. Bd5 Nf6 48. Bc6 Ke2 49. Rd6 Bg5 50. Nf4+ Kf1 51. Nd5 Nh7 52. f6 Nf8 53. f7 Kf2 54. Nf6 Ke3 55. Rd8 Bh6 56. Ng4+ Kf4 57. Nxh6 Kg5 58. Rxf8 Kg6 59. Rg8+ Kh7 60. Rg1 Kxh6 61. Kb3 Kh7 62. f8Q 1/2-1/2

[Event "Santa Eugenia op 10th"]
[Site "Santa Eugenia"]
[Date "2015.??.??"]
[Round "4"]
[White "Garcia Vidal, Roger"]
[Black "Gimenez Pau, Daniel"]
[Result "0-1"]
[WhiteElo "1715"]
[BlackElo "1820"]
[PlyCount "98"]
[EventDate "2015.04.17"]
[EventType "swiss"]
[EventRounds "9"]
[EventCountry "ESP"]
[SourceTitle "EXT 2016"]
[Source "ChessBase"]
[SourceDate "2015.10.08"]
[SourceVersion "1"]
[SourceVersionDate "2015.10.08"]
[SourceQuality "1"]

1. e4 d5 2. exd5 Nf6 3. Bb5+ Bd7 4. Bc4 Bg4 5. f3 Bh5 6. Nc3 Nbd7 7. Nge2 Nb6 8. Bb5+ Nbd7 9. Nf4 a6 10. Ba4 b5 11. Bb3 Nc5 12. d4 Nxb3 13. axb3 Bg6 14. 0-0 b4 15. Nce2 Nxd5 16. Nxd5 Qxd5 17. Nf4 Qf5 18. Qd3 Qxd3 19. cxd3 e6 20. Bd2 c5 21. d5 Bd6 22. dxe6 Bxf4 23. exf7+ Kxf7 24. Bxf4 Bxd3 25. Rfc1 Rhc8 26. Bd6 c4 27. bxc4 b3 28. c5 a5 29. Kf2 a4 30. g4 Re8 31. Re1 Rxe1 32. Kxe1 a3 33. Be5 Re8 34. Kd2 axb2 35. Bxb2 Bc4 36. Re1 Ra8 37. Ra1 Rd8+ 38. Kc3 Be2 39. Kxb3 Rd3+ 40. Kc2 Rxf3 41. Ra7+ Ke6 42. Rxg7 Kd5 43. Rg5+ Kc4 44. Re5 Bd3+ 45. Kc1 Rf1+ 46. Kd2 Rf2+ 47. Kc1 Rc2+ 48. Kb1 Kb3 49. Bd4 Rc4+ 0-1